000 00479nam a2200169Ia 4500
001 23209
003 IN-NITTTR
005 20251114233301.0
008 251113s9999||||xx |||||||||||||| ||eng||
040 _beng
040 _cIN-NITTTR
041 _aeng
082 _a666.8 N164T
100 _aNarayanan, T. R.
245 0 _aTurning a residue into resource :
_b a survey of proven technologies for fly ash utilization in civil engineering. /
_cNarayanan, T. R.
942 _2ddc
_cBK
999 _c25838
_d25838